00395nam a2200133 a 450000100100000000500170001000800410002702000150006804000250008308200150010824500410012326000630016430000340022700004224120201002040026.0131120s1995 ag ao 000 0 spa d a950951764X aDO-SdBNPbspacBNPHU axxxxbxxxx00aBibliotecas populares :bArgentinas. aBuenos Aires, ArgentinaM :banrique Zago ediciones,c1995. a222 p. :bil., fot. ;c32 cm.